יישובי גוש עציון - Statistics

General Stats
  • This quiz has been taken 7 times
  • The average score is 7 of 18
Answer Stats
שם היישוב % Correct
אפרת
80%
תקוע
80%
כפר עציון
60%
נווה דניאל
60%
אלון שבות
40%
אלעזר
40%
בת עין
40%
גבעות
40%
כרמי צור
40%
מגדל עוז
40%
נוקדים
40%
ראש צורים
40%
הר גילה
20%
מעלה עמוס
20%
קידר
20%
שדה בועז
20%
מיצד
0%
משמר יהודה
0%
No matching quizzes found
Score Distribution
Percent of People with Each Score
Percentile by Number Answered
Your Score History
You have not taken this quiz